| 000 | 01051cam a22003137a 4500 | ||
|---|---|---|---|
| 003 | CHAP | ||
| 005 | 20220329140552.0 | ||
| 008 | 971013s1958 r 00010 d | ||
| 010 | _a54087 | ||
| 011 | _a55059 | ||
| 035 | _a59211 | ||
| 040 | _cCHAP | ||
| 082 |
_a332.1 _bP7 |
||
| 100 | 0 | 0 |
_aPrados Arrarte, Jesús. _991278 |
| 245 | 1 | 3 |
_aEl sistema bancario español _b: con especial consideración del ingreso de España en la cooperación económica europea |
| 260 |
_aMadrid : _bAguilar, _c1958 |
||
| 300 | _a267 p. | ||
| 490 | 0 | _aBiblioteca de Ciencias Sociales | |
| 590 |
_aBATCH-UPD _b10 _c20130110 _lUCH01 _h0501 |
||
| 590 |
_aBATCH-UPD _b10 _c20130110 _lUCH01 _h2315 |
||
| 590 |
_aBATCH-UPD _b10 _c20130410 _lUCH01 _h0139 |
||
| 590 |
_aBATCH-UPD _b10 _c20130914 _lUCH01 _h0533 |
||
| 590 |
_aCONVERSION _b10 _c20130109 _lUCH01 _h1329 |
||
| 650 | 1 | 4 |
_aBancos y operaciones bancarias. _99913 |
| 830 | 0 |
_aBiblioteca de Ciencias Sociales _912278 |
|
| 901 | _aBK | ||
| 942 | _cLIBRO | ||
| 949 |
_a332.1 P7 _bBC _cLIBRO _d33724000332078 _eLIBRO _i59211 _mD _si |
||
| 999 |
_c54087 _d54087 |
||